| 000 | 00996nam a2200325 a 4500 | ||
|---|---|---|---|
| 001 | 000110299 | ||
| 003 | CHAP | ||
| 005 | 20220329144126.0 | ||
| 008 | 140812s2013 it adj |r| ||||||eng d | ||
| 010 | _a106761 | ||
| 011 | _a107733 | ||
| 020 | _a9789251079140 | ||
| 040 | _cCHAP | ||
| 082 | 0 | 4 |
_a639.2 _bF215y |
| 245 | 1 | 0 |
_aGuidelines for the fisheries and aquaculture sector on damage and needs assessments in emergencies / _ceditado por David Brown y Florence Poulain. |
| 260 |
_aRoma : _bFAO, _cc2013. |
||
| 300 |
_avii, 114 p. : _bil., diags., tabs. |
||
| 590 |
_aE5995AHE _b05 _c20140812 _lUCH01 _h1439 |
||
| 590 |
_aE5995AHE _b05 _c20140812 _lUCH01 _h1440 |
||
| 650 | 1 | 4 |
_aAcuicultura _9758 |
| 650 | 1 | 4 |
_aDesastres naturales. _932111 |
| 650 | 1 | 4 |
_aEvaluación. _938913 |
| 650 | 1 | 4 |
_aPesca sostenible. _987440 |
| 650 | 1 | 4 |
_aRiesgos. _997403 |
| 700 | 0 |
_aBrown, David W. _e, ed. _915634 |
|
| 700 | 1 |
_aPoulain, Florence _e, ed. _991147 |
|
| 901 | _aBK | ||
| 942 | _cLIBRO | ||
| 942 | _n0 | ||
| 999 |
_c106761 _d106761 |
||